[Event "Caspian Cup 20th"]
[Site "Rasht"]
[Date "2024.02.08"]
[Round "7"]
[White "Rasulov, Vugar Ural Oglu"]
[Black "Babujian, Levon"]
[Result "1-0"]
[WhiteElo "2538"]
[BlackElo "2333"]
[PlyCount "83"]
[EventDate "2024.02.03"]
[EventType "swiss"]
[EventRounds "9"]
[EventCountry "IRI"]
[SourceTitle "CB07_2024"]
[SourceDate "2024.02.14"]
[SourceVersion "1"]
[SourceVersionDate "2024.02.14"]
[SourceQuality "1"]

1. e4 c5 2. Nf3 d6 3. d4 cxd4 4. Nxd4 Nf6 5. Nc3 a6 6. Qf3 g6 7. h3 Bg7 8. Be3 0-0 9. 0-0-0 Nc6 10. g4 Ne5 11. Qg2 Bd7 12. f4 Nc6 13. e5 Ne8 14. Qg3 dxe5 15. Nxc6 bxc6 16. fxe5 Qc7 17. Bf4 Be6 18. Qe3 a5 19. Bg2 Rb8 20. b3 c5 21. Nd5 Qa7 22. a4 Bxd5 23. Rxd5 Nc7 24. Rxc5 Ne6 25. Rc4 Rb6 26. Bg3 Rfb8 27. h4 Qd7 28. Rd1 Qe8 29. Bd5 Nf8 30. Be1 e6 31. Bf3 Nd7 32. Bc3 Qe7 33. g5 Nf8 34. Qc5 Qe8 35. Bxa5 Ra6 36. Bc7 h6 37. Rd6 Raa8 38. Bxa8 Rxa8 39. Qc6 hxg5 40. Qxe8 Rxe8 41. hxg5 Bxe5 42. Rd8 1-0

[Event "Caspian Cup 20th"]
[Site "Rasht"]
[Date "2024.02.07"]
[Round "6"]
[White "Omidi, Arya"]
[Black "Babujian, Levon"]
[Result "0-1"]
[WhiteElo "2286"]
[BlackElo "2333"]
[PlyCount "60"]
[EventDate "2024.02.03"]
[EventType "swiss"]
[EventRounds "9"]
[EventCountry "IRI"]
[SourceTitle "CB07_2024"]
[SourceDate "2024.02.14"]
[SourceVersion "1"]
[SourceVersionDate "2024.02.14"]
[SourceQuality "1"]

1. e4 c5 2. Nf3 d6 3. d4 cxd4 4. Nxd4 Nf6 5. Nc3 a6 6. Be3 e5 7. Nb3 Be6 8. h3 Be7 9. Qf3 0-0 10. 0-0-0 Nbd7 11. g4 Rc8 12. g5 Ne8 13. h4 a5 14. Nd5 a4 15. Na5 Bxd5 16. Rxd5 a3 17. b3 Rc3 18. Nc4 Nc7 19. Rd2 Nc5 20. Kb1 N7e6 21. Qg4 b5 22. Nxe5 Rxe3 23. fxe3 Qa5 24. c3 Qxc3 25. Nf3 Nxb3 26. axb3 Qxb3+ 27. Ka1 d5 28. exd5 Bb4 29. Qxb4 Qxb4 30. dxe6 fxe6 0-1

[Event "Yerevan Margaryan Memorial GM"]
[Site "Yerevan"]
[Date "2024.01.14"]
[Round "7"]
[White "Ohanyan, Emin"]
[Black "Babujian, Levon"]
[Result "1-0"]
[WhiteElo "2456"]
[BlackElo "2346"]
[PlyCount "117"]
[EventDate "2024.01.08"]
[EventType "tourn"]
[EventRounds "9"]
[EventCountry "ARM"]
[EventCategory "8"]
[SourceTitle "CB04_2024"]
[SourceDate "2023.10.16"]
[SourceVersion "1"]
[SourceVersionDate "2023.10.16"]
[SourceQuality "1"]

1. d4 Nf6 2. c4 e6 3. Nf3 b6 4. g3 Bb7 5. Bg2 Be7 6. Nc3 0-0 7. Qc2 c5 8. d5 exd5 9. Nh4 b5 10. cxb5 a6 11. Nf5 axb5 12. Bg5 Nc6 13. Nxe7+ Nxe7 14. Bxf6 gxf6 15. Rd1 Re8 16. 0-0 Bc6 17. Nxd5 Nxd5 18. Bxd5 Qe7 19. e3 c4 20. Rd4 Qe5 21. Rfd1 f5 22. a3 Kg7 23. Qe2 Qf6 24. Qf3 Re5 25. Bxc6 dxc6 26. Kg2 Rae8 27. R1d2 Re4 28. h3 Rxd4 29. Rxd4 c5 30. Rf4 Re5 31. Qb7 Re4 32. Qxb5 Rxf4 33. gxf4 c3 34. bxc3 Qxc3 35. a4 c4 36. Qxf5 Qb3 37. Qb5 Qd3 38. a5 Qe4+ 39. Kh2 Qf3 40. Qg5+ Kf8 41. Qg2 Qxg2+ 42. Kxg2 c3 43. a6 c2 44. a7 c1Q 45. a8Q+ Kg7 46. Qd5 h6 47. Qe5+ Kh7 48. Qf6 Qc4 49. Kg3 Qa2 50. f3 Qa7 51. Kh4 Qb7 52. e4 Qb3 53. Kg4 Qc4 54. Kh5 Qb5+ 55. f5 Qb3 56. Qxh6+ Kg8 57. Qg5+ Kh7 58. Kh4 Qd1 59. f6 1-0

[Event "Bhubaneswar op-A 14th"]
[Site "Bhubaneswar"]
[Date "2023.06.18"]
[Round "10"]
[White "Agnivo, Chakraborty"]
[Black "Babujian, Levon"]
[Result "0-1"]
[WhiteElo "1611"]
[BlackElo "2373"]
[PlyCount "124"]
[EventDate "2023.06.11"]
[EventType "swiss"]
[EventRounds "10"]
[EventCountry "IND"]
[SourceTitle "CBM 214 Extra"]
[Source "ChessBase"]
[SourceDate "2023.07.31"]
[SourceVersion "1"]
[SourceVersionDate "2023.07.31"]
[SourceQuality "1"]

1. e4 e5 2. Nf3 Nc6 3. Bc4 Nf6 4. d4 exd4 5. 0-0 d6 6. Nxd4 Be7 7. Nc3 0-0 8. h3 Nxd4 9. Qxd4 Be6 10. Bf4 Nh5 11. Be3 Bf6 12. Qd3 Be5 13. Ne2 g5 14. f4 gxf4 15. Nxf4 Bxc4 16. Qxc4 Qg5 17. Nxh5 Qxe3+ 18. Kh1 Kh8 19. Qd3 Qh6 20. Ng3 Rg8 21. Nf5 Qe6 22. Qd5 Qg6 23. Qd2 Rge8 24. c3 a5 25. a4 c6 26. Rad1 Rad8 27. Qf2 Re6 28. Rd3 Rde8 29. Rfd1 h5 30. b4 axb4 31. cxb4 Rg8 32. Rg1 Qg5 33. Rf3 Rf6 34. g4 hxg4 35. Rxg4 Qc1+ 36. Kg2 Rxg4+ 37. hxg4 Qg5 38. Rh3+ Kg8 39. Rh4 Re6 40. b5 Bf6 41. bxc6 bxc6 42. Nh6+ Kf8 43. Rh5 Qg6 44. Kh3 Qxe4 45. Rf5 Qd3+ 46. Rf3 Qg6 47. Nf5 Re4 48. Qg3 Qh7+ 49. Kg2 Be5 50. Qh3 Qxh3+ 51. Kxh3 Rxa4 52. Rb3 Ke8 53. Rb7 c5 54. Re7+ Kd8 55. Rxf7 c4 56. g5 c3 57. Ne3 Re4 58. Rf3 Kd7 59. g6 Ke6 60. Nc2 Re2 61. Re3 Rxc2 62. g7 Rh2+ 0-1

[Event "Bhubaneswar op-A 14th"]
[Site "Bhubaneswar"]
[Date "2023.06.13"]
[Round "3"]
[White "Babujian, Levon"]
[Black "Lakshmi Charan Naidu, G."]
[Result "0-1"]
[WhiteElo "2373"]
[BlackElo "1625"]
[PlyCount "72"]
[EventDate "2023.06.11"]
[EventType "swiss"]
[EventRounds "10"]
[EventCountry "IND"]
[SourceTitle "CBM 214 Extra"]
[Source "ChessBase"]
[SourceDate "2023.07.31"]
[SourceVersion "1"]
[SourceVersionDate "2023.07.31"]
[SourceQuality "1"]

1. c4 c5 2. Nc3 g6 3. e3 Bg7 4. d4 cxd4 5. exd4 Nf6 6. Nf3 d5 7. cxd5 Nxd5 8. Qb3 Nb6 9. Bb5+ Bd7 10. Ne5 0-0 11. Nxd7 N8xd7 12. Be3 Nf6 13. 0-0 e6 14. Be2 Nfd5 15. Bf3 Qd7 16. Ne4 Rfd8 17. Bg5 Rdb8 18. Rfd1 h6 19. Bd2 Qa4 20. Qxa4 Nxa4 21. b3 Nb2 22. Rf1 Nd3 23. Rad1 N3b4 24. Nd6 Nc6 25. Be3 Bf8 26. Ne4 Rd8 27. Rc1 Ba3 28. Rc2 Rac8 29. Re2 Kh7 30. g3 Nde7 31. Rd1 Kg7 32. Nd2 b6 33. Kg2 Nb4 34. d5 Nbxd5 35. Bd4+ Kf8 36. Ba1 Ke8 0-1

[Event "Yerevan op-A 4th"]
[Site "Yerevan"]
[Date "2022.10.15"]
[Round "6"]
[White "Lagarde, Maxime"]
[Black "Babujian, Levon"]
[Result "1/2-1/2"]
[WhiteElo "2622"]
[BlackElo "2396"]
[PlyCount "133"]
[EventDate "2022.10.10"]
[EventType "swiss"]
[EventRounds "9"]
[EventCountry "ARM"]
[SourceTitle "CBM 210 Extra"]
[Source "ChessBase"]
[SourceDate "2022.11.30"]
[SourceVersion "1"]
[SourceVersionDate "2022.11.30"]
[SourceQuality "1"]

1. e4 e5 2. Nf3 Nc6 3. Bb5 a6 4. Ba4 Nf6 5. 0-0 Be7 6. Re1 b5 7. Bb3 0-0 8. a4 b4 9. d3 d6 10. Nbd2 Na5 11. Ba2 Bd7 12. c3 c5 13. Nf1 Rb8 14. d4 Qc7 15. cxb4 cxb4 16. Bg5 b3 17. Rc1 Qa7 18. Bb1 Nc6 19. dxe5 dxe5 20. Ne3 h6 21. Bh4 Rfe8 22. Rxc6 Bxc6 23. Nxe5 Bxe4 24. Bxe4 Nxe4 25. Nc6 Bxh4 26. Nxa7 Bxf2+ 27. Kf1 Rbd8 28. Qc1 Bxe1 29. Kxe1 Rd3 30. Ke2 Rd2+ 31. Qxd2 Nxd2 32. Kxd2 Rd8+ 33. Ke2 Rd6 34. Nc8 Re6 35. Kd3 h5 36. h4 f6 37. Nf5 Re1 38. Ncd6 Ra1 39. Nd4 Rxa4 40. Ne4 Ra1 41. g3 Rb1 42. Kc3 Re1 43. Kd3 Kf7 44. Nxb3 g5 45. Nd4 Rd1+ 46. Ke3 gxh4 47. gxh4 Rh1 48. Nd6+ Kg6 49. N6f5 Re1+ 50. Kf4 Rf1+ 51. Ke4 Re1+ 52. Ne3 a5 53. b3 a4 54. bxa4 Ra1 55. Nd5 Rxa4 56. Nf4+ Kh6 57. Kd5 Rb4 58. Nf5+ Kh7 59. Nxh5 Rb5+ 60. Ke4 Rb4+ 61. Kf3 Kg6 62. Nhg3 Ra4 63. Kg2 Rf4 64. h5+ Kg5 65. h6 Kg6 66. Kh3 Ra4 67. Kg2 1/2-1/2

[Event "Rasht"]
[Site "Rasht"]
[Date "2022.07.21"]
[Round "7"]
[White "Tahbaz, Arash"]
[Black "Babujian, Levon"]
[Result "1-0"]
[WhiteElo "2421"]
[BlackElo "2434"]
[PlyCount "121"]
[EventDate "2022.07.17"]
[EventType "tourn"]
[EventRounds "9"]
[EventCountry "IRI"]
[EventCategory "5"]
[SourceTitle "CBM 209 Extra"]
[Source "ChessBase"]
[SourceDate "2022.09.30"]
[SourceVersion "1"]
[SourceVersionDate "2022.09.30"]
[SourceQuality "1"]

1. e4 e5 2. Nf3 Nc6 3. Bb5 Nf6 4. 0-0 Nxe4 5. Qe2 Ng5 6. Nxg5 Qxg5 7. d4 Qe7 8. dxe5 Nd4 9. Qd3 Qxe5 10. Nc3 Be7 11. Bd2 Ne6 12. Nd5 Bd6 13. f4 Qd4+ 14. Qxd4 Nxd4 15. Rae1+ Kd8 16. Bd3 b6 17. Ne3 Bb7 18. Bc3 c5 19. Nf5 Nxf5 20. Bxf5 Kc7 21. Rd1 f6 22. Rxd6 Kxd6 23. Rd1+ Kc6 24. Be4+ Kc7 25. Bxb7 Kxb7 26. Rxd7+ Kc6 27. Rxg7 Rae8 28. Bxf6 Re2 29. c4 Rf8 30. Bg5 Rxb2 31. Rxh7 Re8 32. Be7 Re2 33. Bf6 R8e4 34. Be5 Rxc4 35. h4 Kd5 36. h5 Ke4 37. h6 Re1+ 38. Kh2 Kf5 39. Rf7+ Kg6 40. h7 Rxe5 41. h8N+ Kh5 42. fxe5 Re4 43. Rh7+ Kg5 44. Kg3 a5 45. Kf3 Re1 46. g4 Rf1+ 47. Kg3 Rg1+ 48. Kf3 Rf1+ 49. Kg3 Rg1+ 50. Kf2 Ra1 51. e6 Rxa2+ 52. Kf3 Ra3+ 53. Ke4 Ra1 54. e7 Re1+ 55. Kd5 a4 56. Nf7+ Kf6 57. Nd6 Re5+ 58. Kc6 Kg6 59. Rh6+ Kg7 60. Nf5+ Kf7 61. Rh8 1-0

[Event "Rasht Gilan Cup 1st"]
[Site "Rasht"]
[Date "2022.07.16"]
[Round "9"]
[White "Babujian, Levon"]
[Black "Movahed, Sina"]
[Result "1-0"]
[WhiteElo "2434"]
[BlackElo "2058"]
[PlyCount "91"]
[EventDate "2022.07.09"]
[EventType "swiss"]
[EventRounds "9"]
[EventCountry "IRI"]
[SourceTitle "CBM 209 Extra"]
[Source "ChessBase"]
[SourceDate "2022.09.30"]
[SourceVersion "1"]
[SourceVersionDate "2022.09.30"]
[SourceQuality "1"]

1. d4 Nf6 2. Nf3 g6 3. Bf4 Bg7 4. e3 d6 5. c4 0-0 6. Nc3 Nbd7 7. h3 c6 8. Be2 Re8 9. 0-0 Qb6 10. Qc2 e5 11. Bh2 Qd8 12. b4 e4 13. Nd2 Qe7 14. b5 Nf8 15. bxc6 bxc6 16. Rab1 Bf5 17. Qa4 Rac8 18. Rfd1 h5 19. Qa6 Ne6 20. Rb7 Qf8 21. Qxa7 Bh6 22. a4 g5 23. a5 h4 24. a6 Qg7 25. Bxd6 g4 26. hxg4 Nxg4 27. Bxg4 Qxg4 28. Rxf7 h3 29. Bg3 Ng5 30. Rxf5 Qxf5 31. Qc5 Qg4 32. Qd6 Qh5 33. gxh3 Rcd8 34. Qxc6 Re6 35. Qc7 Rf8 36. h4 Nh3+ 37. Kh1 Rg6 38. a7 Bf4 39. Qd7 Bxg3 40. Qxh3 Bxf2 41. Rf1 Kg7 42. Rxf2 Rxf2 43. a8Q Rg4 44. Qb7+ Rf7 45. Qd5 Qg6 46. Qxg4 1-0

[Event "Yerevan Margaryan Memorial-B"]
[Site "Yerevan"]
[Date "2022.01.12"]
[Round "4"]
[White "Babujian, Levon"]
[Black "Kundianok, Vladislav"]
[Result "1-0"]
[WhiteElo "2451"]
[BlackElo "2152"]
[PlyCount "87"]
[EventDate "2022.01.09"]
[EventType "tourn"]
[EventRounds "9"]
[EventCountry "ARM"]
[EventCategory "2"]
[SourceTitle "CBM 206 Extra"]
[Source "ChessBase"]
[SourceDate "2022.03.31"]
[SourceVersion "1"]
[SourceVersionDate "2022.03.31"]
[SourceQuality "1"]

1. e4 c5 2. Nf3 d6 3. d4 cxd4 4. Nxd4 Nf6 5. Nc3 a6 6. Bc4 e6 7. 0-0 Be7 8. Bb3 0-0 9. f4 b5 10. f5 b4 11. Na4 e5 12. Ne2 Bb7 13. Ng3 Nbd7 14. Qf3 Bc6 15. Be3 Qc7 16. c4 Nc5 17. Nxc5 dxc5 18. Bc2 Qb7 19. Rae1 a5 20. Bc1 Rfd8 21. Nh5 Nxh5 22. Qxh5 f6 23. Rf3 Bf8 24. Rh3 h6 25. Qg4 g5 26. fxg6 Bd7 27. Qh4 Bxh3 28. Qxh3 Qd7 29. Qh4 a4 30. Qxf6 Bg7 31. Qf2 Qd4 32. Be3 Qxb2 33. Qf7+ Kh8 34. Bxh6 Rg8 35. Bxa4 Qd4+ 36. Kh1 Qd8 37. Re3 Qh4 38. Bg5 Rgf8 39. Bxh4 Rxa4 40. Bf6 Rxf7 41. gxf7 Kh7 42. Rg3 Bf8 43. Rg8 b3 44. h4 1-0

[Event "Yerevan Margaryan Memorial-B"]
[Site "Yerevan"]
[Date "2022.01.10"]
[Round "2"]
[White "Babujian, Levon"]
[Black "Shalamberidze, Akaki"]
[Result "1-0"]
[WhiteElo "2451"]
[BlackElo "2347"]
[PlyCount "59"]
[EventDate "2022.01.09"]
[EventType "tourn"]
[EventRounds "9"]
[EventCountry "ARM"]
[EventCategory "2"]
[SourceTitle "CBM 206 Extra"]
[Source "ChessBase"]
[SourceDate "2022.03.31"]
[SourceVersion "1"]
[SourceVersionDate "2022.03.31"]
[SourceQuality "1"]

1. d4 d5 2. c4 dxc4 3. e4 Nc6 4. d5 Ne5 5. Qd4 Nd3+ 6. Bxd3 cxd3 7. Nf3 Nf6 8. Bg5 h6 9. Bh4 e6 10. Nc3 Be7 11. 0-0 0-0 12. Rad1 exd5 13. e5 Nh7 14. Bxe7 Qxe7 15. Nxd5 Qd7 16. Qc5 b6 17. Qc4 a5 18. Nxc7 Ra7 19. Nb5 Ba6 20. Nfd4 Ng5 21. Rxd3 Ne6 22. Nc6 Qc8 23. Nbxa7 Bxc4 24. Nxc8 Bxd3 25. Rd1 Be4 26. N6e7+ Kh7 27. f3 Bc2 28. Rd2 Bb1 29. Nxb6 Bxa2 30. b4 1-0

[Event "Tsaghkadzor ChessMood op"]
[Site "Tsaghkadzor"]
[Date "2021.10.08"]
[Round "5"]
[White "Babujian, Levon"]
[Black "Goganov, Aleksey"]
[Result "1/2-1/2"]
[WhiteElo "2447"]
[BlackElo "2557"]
[PlyCount "87"]
[EventDate "2021.10.04"]
[EventType "swiss"]
[EventRounds "9"]
[EventCountry "ARM"]
[SourceTitle "EXT 2022"]
[Source "ChessBase"]
[SourceDate "2021.10.06"]
[SourceVersion "1"]
[SourceVersionDate "2021.10.06"]
[SourceQuality "1"]

1. d4 d5 2. c4 c6 3. cxd5 cxd5 4. Nc3 Nf6 5. Bf4 Nc6 6. e3 Bf5 7. Qb3 Na5 8. Qa4+ Bd7 9. Qc2 e6 10. Nf3 Rc8 11. Bd3 Bb4 12. Ne5 Nc6 13. 0-0 Nh5 14. Nxc6 Bxc6 15. Be5 f6 16. Be2 0-0 17. Qb3 Bxc3 18. bxc3 Be8 19. Bg3 Nxg3 20. hxg3 Rf7 21. c4 Rfc7 22. cxd5 Qxd5 23. Qxd5 exd5 24. Bf3 Bf7 25. Bg4 Re8 26. Rfc1 Ree7 27. a4 Be8 28. Bf3 Rxc1+ 29. Rxc1 Bc6 30. a5 Kf7 31. Kf1 Ke6 32. Ke1 Kd6 33. Kd2 b6 34. axb6 axb6 35. Ra1 Re8 36. Ra6 Rb8 37. Kc3 Kc7 38. Ra7+ Rb7 39. Ra1 Rb8 40. Kb4 Ra8 41. Rxa8 Bxa8 42. Be2 Bc6 43. Bd3 h6 44. g4 1/2-1/2

[Event "Tsaghkadzor ChessMood op"]
[Site "Tsaghkadzor"]
[Date "2021.10.07"]
[Round "4"]
[White "Petrosyan, Manuel"]
[Black "Babujian, Levon"]
[Result "0-1"]
[WhiteElo "2605"]
[BlackElo "2447"]
[PlyCount "113"]
[EventDate "2021.10.04"]
[EventType "swiss"]
[EventRounds "9"]
[EventCountry "ARM"]
[SourceTitle "EXT 2022"]
[Source "ChessBase"]
[SourceDate "2021.10.06"]
[SourceVersion "1"]
[SourceVersionDate "2021.10.06"]
[SourceQuality "1"]

1. e4 c5 2. Nf3 e6 3. d4 cxd4 4. Nxd4 Nc6 5. Nc3 Qc7 6. Be3 a6 7. g3 Nf6 8. Bg2 Be7 9. 0-0 0-0 10. Re1 d6 11. Nxc6 bxc6 12. Na4 Rb8 13. c4 e5 14. h3 Be6 15. Rc1 Nd7 16. b3 f5 17. exf5 Bxf5 18. Nc3 Nf6 19. Qf3 Bd7 20. Qe2 Rbe8 21. Rcd1 Bf5 22. Qd2 h6 23. Kh2 Bg6 24. b4 Bf7 25. Qd3 Rd8 26. Rc1 Qd7 27. Na4 d5 28. cxd5 Bxb4 29. Qb1 Bxe1 30. dxc6 Qe6 31. Rxe1 Rc8 32. Rc1 e4 33. c7 Nd5 34. Qb7 Qe5 35. Bb6 Be6 36. Re1 Nxb6 37. Qxb6 Bxa2 38. Nc5 Rxf2 39. Nd3 Rxg2+ 40. Kxg2 Qxc7 41. Qxc7 Rxc7 42. Nb4 Bc4 43. Kf2 a5 44. Nc2 Rf7+ 45. Ke3 Rf3+ 46. Kxe4 Rxg3 47. Ne3 Bb3 48. Rc1 Rxh3 49. Rc7 Rg3 50. Nf5 Rg4+ 51. Ke5 a4 52. Ra7 h5 53. Ne3 Rg1 54. Nf5 Kh7 55. Ra6 Rg4 56. Ne3 Rg6 57. Kd4 0-1

[Event "FIDE World Cup Europe Hybrid Qual"]
[Site "Tornelo INT"]
[Date "2021.05.25"]
[Round "1.5"]
[White "Deac, Bogdan Daniel"]
[Black "Babujian, Levon"]
[Result "1-0"]
[WhiteElo "2627"]
[BlackElo "2465"]
[PlyCount "95"]
[EventDate "2021.05.24"]
[EventType "k.o."]
[EventRounds "3"]
[EventCountry "NET"]
[SourceTitle "CBM 202 Extra"]
[Source "ChessBase"]
[SourceDate "2021.07.31"]
[SourceVersion "1"]
[SourceVersionDate "2021.07.31"]
[SourceQuality "1"]

1. e4 e5 2. Nf3 Nc6 3. Bc4 Nf6 4. Ng5 d5 5. exd5 Na5 6. Bb5+ c6 7. dxc6 bxc6 8. Bd3 Nd5 9. Nf3 Nf4 10. 0-0 Nxd3 11. cxd3 Bd6 12. Re1 0-0 13. Nxe5 c5 14. d4 cxd4 15. d3 Qf6 16. Nf3 Bf5 17. Qa4 Nc6 18. Bg5 Qg6 19. Nbd2 Bxd3 20. Rac1 Rac8 21. Bh4 Bf4 22. Bg3 Bxd2 23. Nxd2 Bf5 24. Rc5 d3 25. Rec1 Bd7 26. R5c3 Rfe8 27. Qc4 Ne7 28. Qd4 Rxc3 29. Rxc3 Bf5 30. h3 h6 31. Qa4 Rd8 32. Qxa7 Nd5 33. Qa5 Qf6 34. Rc5 Be6 35. Be5 Qg5 36. Nf3 Qe7 37. b4 f6 38. Bd4 Nf4 39. Be3 Ne2+ 40. Kh2 Qd6+ 41. g3 Qd7 42. Rc7 Qd5 43. Qa7 Bf7 44. Nd2 Qh5 45. Rd7 Rf8 46. Re7 Kh8 47. Qd7 Bg6 48. Rxg7 1-0

[Event "ARM-ch Rapid"]
[Site "Yerevan"]
[Date "2021.03.02"]
[Round "4"]
[White "Babujian, Levon"]
[Black "Barseghyan, Armen Ar"]
[Result "1-0"]
[WhiteElo "2471"]
[BlackElo "2360"]
[PlyCount "143"]
[EventDate "2021.03.02"]
[EventType "swiss (rapid)"]
[EventRounds "9"]
[EventCountry "ARM"]
[SourceTitle "CBM 201 Extra"]
[Source "ChessBase"]
[SourceDate "2021.05.31"]
[SourceVersion "1"]
[SourceVersionDate "2021.05.31"]
[SourceQuality "1"]

1. d4 Nf6 2. c4 e6 3. Nc3 d5 4. Nf3 a6 5. cxd5 exd5 6. g3 Be6 7. Bg2 Nbd7 8. 0-0 Bd6 9. Ng5 0-0 10. e4 dxe4 11. Ncxe4 Bd5 12. Nxd6 cxd6 13. Nxh7 Bxg2 14. Nxf6+ Nxf6 15. Kxg2 Qa5 16. Qf3 Qd5 17. Be3 Rfe8 18. Rac1 Qxa2 19. Rc7 Qxb2 20. Rxb7 Qa2 21. Bg5 Nh7 22. h4 Qe6 23. Rc1 Nxg5 24. hxg5 Qg6 25. Rcc7 Rf8 26. Qd5 Rae8 27. Rd7 Re1 28. Re7 Ra1 29. Re4 Qh7 30. Rh4 Qd3 31. Kh3 Qf1+ 32. Qg2 Qe2 33. Qe4 Qxe4 34. Rxe4 Ra4 35. Rd7 Ra5 36. f4 Rd5 37. Ra7 a5 38. g6 Rf5 39. Ree7 Rf6 40. gxf7+ R8xf7 41. Re8+ Kh7 42. Rxa5 Rh6+ 43. Kg2 Rc7 44. Rd5 Rc3 45. Rg5 Rd3 46. Re7 Rg6 47. Rxg6 Kxg6 48. Re6+ Kf7 49. Rxd6 Ke7 50. Rd5 Rd2+ 51. Kh3 Kf6 52. Kg4 Rd3 53. Rf5+ Kg6 54. Rd5 Kf6 55. Kh4 Rd1 56. Rd7 Kf5 57. Rd5+ Kf6 58. g4 Rh1+ 59. Kg3 Rd1 60. g5+ Kg6 61. Rd7 Kf5 62. Rxg7 Rd3+ 63. Kh4 Rxd4 64. Rf7+ Kg6 65. Rf6+ Kg7 66. Kg4 Rd5 67. Rb6 Rd7 68. Kh5 Rc7 69. f5 Rc1 70. Rb7+ Kg8 71. Kg6 Rc6+ 72. f6 1-0

[Event "ARM-ch Rapid"]
[Site "Yerevan"]
[Date "2021.03.02"]
[Round "5"]
[White "Petrosyan, Manuel"]
[Black "Babujian, Levon"]
[Result "1-0"]
[WhiteElo "2628"]
[BlackElo "2471"]
[PlyCount "175"]
[EventDate "2021.03.02"]
[EventType "swiss (rapid)"]
[EventRounds "9"]
[EventCountry "ARM"]
[SourceTitle "CBM 201 Extra"]
[Source "ChessBase"]
[SourceDate "2021.05.31"]
[SourceVersion "1"]
[SourceVersionDate "2021.05.31"]
[SourceQuality "1"]

1. c4 e5 2. Nc3 Nc6 3. Nf3 Nf6 4. e3 d5 5. cxd5 Nxd5 6. Bb5 Nxc3 7. bxc3 Bd6 8. d4 exd4 9. cxd4 0-0 10. 0-0 Bf5 11. Re1 Nb4 12. e4 Bg4 13. Be2 c5 14. Bg5 Be7 15. Be3 cxd4 16. Nxd4 Bxe2 17. Rxe2 Bf6 18. Rb1 Bxd4 19. Qxd4 Qxd4 20. Bxd4 Nc6 21. Be3 Rfd8 22. f3 b6 23. Rc1 Ne5 24. Rec2 h6 25. Kf1 Rd3 26. Ke2 Ra3 27. Rd1 Re8 28. Rd5 Ra4 29. Rd4 Ra3 30. Bc1 Ra5 31. Bd2 Rb5 32. Bb4 a5 33. Bd6 Ng6 34. Kf2 Rb1 35. Rdd2 b5 36. Rb2 Rxb2 37. Rxb2 b4 38. Bc7 Ra8 39. Ke3 Ne7 40. Kd4 a4 41. Bd6 Nc6+ 42. Kd5 a3 43. Rc2 b3 44. Rxc6 Ra5+ 45. Kd4 bxa2 46. Rc1 Rb5 47. Ra1 Rb2 48. g4 Rd2+ 49. Ke5 Rxh2 50. Bxa3 Rc2 51. Kd4 g5 52. Kd3 Rf2 53. Ke3 Rc2 54. Bb4 Kh7 55. Bd2 Rb2 56. Kd3 Kg6 57. Bc3 Rf2 58. Ke3 Rc2 59. Bd4 Rh2 60. Kd3 h5 61. gxh5+ Kxh5 62. Be3 f6 63. Bd2 Rh3 64. Ke2 Rh2+ 65. Ke3 Rh3 66. Ke2 Rh2+ 67. Kd3 Rh3 68. Rxa2 Rxf3+ 69. Ke2 Rb3 70. Ra6 Kg6 71. Rc6 g4 72. Bc3 Kg5 73. Bd2+ Kg6 74. e5 Kf5 75. exf6 Kg6 76. Bc3 Rb5 77. Kf2 Rf5+ 78. Kg2 Rf3 79. Rc7 Kh6 80. Be5 Rf5 81. Re7 Kg6 82. Kg3 Kh5 83. Rh7+ Kg6 84. Rg7+ Kh6 85. Bf4+ Kh5 86. f7 Rf6 87. Rg5+ Kh6 88. Rf5+ 1-0

[Event "ARM-ch 81st"]
[Site "Yerevan"]
[Date "2021.02.28"]
[Round "11"]
[White "Babujian, Levon"]
[Black "Sargsyan, Shant"]
[Result "1/2-1/2"]
[WhiteElo "2455"]
[BlackElo "2596"]
[PlyCount "245"]
[EventDate "2021.02.16"]
[EventType "tourn"]
[EventRounds "11"]
[EventCountry "ARM"]
[EventCategory "14"]
[SourceTitle "CBM 200 Extra"]
[Source "ChessBase"]
[SourceDate "2021.03.31"]
[SourceVersion "1"]
[SourceVersionDate "2021.03.31"]
[SourceQuality "1"]

1. d4 Nf6 2. c4 e6 3. Nf3 d5 4. Nc3 dxc4 5. e4 Bb4 6. Bg5 h6 7. Bxf6 Qxf6 8. Bxc4 c5 9. e5 Qd8 10. 0-0 cxd4 11. Ne4 0-0 12. Qe2 Be7 13. Ng3 b5 14. Bxb5 Bb7 15. Rfd1 Qb6 16. Nxd4 Rd8 17. Nb3 Nc6 18. Rac1 Nb4 19. a4 a6 20. Bc4 Rxd1+ 21. Rxd1 Qc6 22. f4 Rc8 23. Rd4 Bc5 24. Nxc5 Qxc5 25. Qf2 Nc6 26. Rd7 Qxc4 27. Rxb7 Qxa4 28. h3 Nd4 29. Kh2 Rc2 30. Qe3 Qc6 31. Rb8+ Kh7 32. Qd3+ Nf5 33. Ne4 Qc4 34. Qxc4 Rxc4 35. Nd6 Rxf4 36. Nxf7 Ne3 37. Nd8 Rf2 38. Nxe6 Rxg2+ 39. Kh1 g5 40. Nd4 Rd2 41. e6 Nd5 42. Rd8 Nf6 43. Kg1 Kg6 44. e7 Kf7 45. Nc6 Re2 46. Rf8+ Kg7 47. Ra8 Rxb2 48. e8Q Nxe8 49. Rxe8 h5 50. Nd4 Rd2 51. Ne2 Rd1+ 52. Kg2 Re1 53. Re3 g4 54. h4 Kf6 55. Re4 a5 56. Rf4+ Kg6 57. Ng3 Rb1 58. Rf5 Rb2+ 59. Kf1 Rb1+ 60. Ke2 Rb2+ 61. Kd1 a4 62. Ra5 Rh2 63. Ra6+ Kf7 64. Nf5 g3 65. Nxg3 Rxh4 66. Ke2 Rh2+ 67. Kf3 h4 68. Ne4 Ra2 69. Kg4 a3 70. Kxh4 Ra1 71. Nc3 Ke7 72. Kg4 a2 73. Nxa2 Kd7 74. Kf4 Kc7 75. Ke4 Kb7 76. Ra3 Kb6 77. Kd4 Rd1+ 78. Kc4 Rh1 79. Nc3 Rh4+ 80. Kd5 Rh5+ 81. Kd4 Rh4+ 82. Ne4 Rh1 83. Rc3 Rd1+ 84. Ke5 Re1 85. Rc2 Rh1 86. Nf6 Kb5 87. Rc3 Kb4 88. Nd5+ Kb5 89. Nf4 Rh8 90. Rc7 Kb6 91. Rc1 Kb5 92. Kd4 Rh4 93. Rc5+ Kb4 94. Rc4+ Kb5 95. Kd5 Rh8 96. Rc5+ Kb4 97. Kd4 Rh4 98. Rf5 Rg4 99. Rf8 Kb5 100. Rf6 Rh4 101. Kd5 Rh1 102. Nd3 Rh5+ 103. Ne5 Rh1 104. Nf3 Rh5+ 105. Kd4 Rh1 106. Kd5 Rh5+ 107. Ne5 Rh1 108. Rf3 Rd1+ 109. Nd3 Rd2 110. Ke4 Kc4 111. Ne5+ Kc5 112. Rc3+ Kb4 113. Rc1 Kb5 114. Nf3 Re2+ 115. Kd5 Re8 116. Rb1+ Ka4 117. Ne5 Rd8+ 118. Kc5 Rc8+ 119. Nc6 Ka3 120. Rb6 Rh8 121. Kc4 Rh4+ 122. Nd4 Ka2 123. Rg6 1/2-1/2

[Event "ARM-ch 81st"]
[Site "Yerevan"]
[Date "2021.02.18"]
[Round "3"]
[White "Gharibyan, Mamikon"]
[Black "Babujian, Levon"]
[Result "1-0"]
[WhiteElo "2423"]
[BlackElo "2455"]
[PlyCount "143"]
[EventDate "2021.02.16"]
[EventType "tourn"]
[EventRounds "11"]
[EventCountry "ARM"]
[EventCategory "14"]
[SourceTitle "CBM 200 Extra"]
[Source "ChessBase"]
[SourceDate "2021.03.31"]
[SourceVersion "1"]
[SourceVersionDate "2021.03.31"]
[SourceQuality "1"]

1. d4 Nf6 2. Nf3 d5 3. c4 e6 4. Bg5 Be7 5. Nc3 0-0 6. e3 h6 7. Bxf6 Bxf6 8. Rc1 c6 9. Bd3 Nd7 10. 0-0 g6 11. Qe2 Bg7 12. Rfd1 f5 13. b4 g5 14. g3 a6 15. a4 Qf6 16. b5 axb5 17. axb5 f4 18. gxf4 gxf4 19. e4 dxc4 20. Bxc4 c5 21. e5 Qf7 22. Ne4 cxd4 23. Nd6 Qg6+ 24. Kh1 Nc5 25. Rg1 Qh5 26. Nxd4 f3 27. Qe3 Kh8 28. Rce1 Bd7 29. Rg3 b6 30. Nxf3 Ra7 31. Reg1 Bc8 32. Bf1 Bb7 33. Nxb7 Rxb7 34. Rh3 Qf5 35. Nh4 Qxf2 36. Ng6+ Kg8 37. Nxf8 Qxe3 38. Rxe3 Kxf8 39. Bg2 Rd7 40. Bc6 Ra7 41. Kg2 Ra2+ 42. Kh3 Rf2 43. Ra1 Rf5 44. Ra8+ Ke7 45. Ra7+ Kf8 46. Rea3 Bxe5 47. Rh7 Rh5+ 48. Kg4 Rg5+ 49. Kf3 Bg7 50. Ra8+ Kf7 51. Be8+ Ke7 52. h4 Rg1 53. Kf2 Rg4 54. Bh5 Nd3+ 55. Kf1 Rg3 56. Ra3 e5 57. Rxg7+ Rxg7 58. Rxd3 Ke6 59. Kf2 Rc7 60. Bg4+ Ke7 61. Rd5 Rc2+ 62. Be2 Ke6 63. Rd8 e4 64. Rh8 Ke5 65. Rxh6 Rb2 66. Rxb6 Kf4 67. Rf6+ Ke5 68. Rf8 Rb1 69. h5 Rh1 70. b6 Rb1 71. h6 e3+ 72. Kxe3 1-0